Unión Europea Centroamérica: cambio de escenarios /

Αποθηκεύτηκε σε:
Λεπτομέρειες βιβλιογραφικής εγγραφής
Κύριος συγγραφέας: Morales Gamboa, Abelardo
Άλλοι συγγραφείς: coord
Μορφή: Άγνωστο
Έκδοση: San José: FLACSO. Programa Costa Rica
Θέματα:
Ετικέτες: Προσθήκη ετικέτας
Δεν υπάρχουν, Καταχωρήστε ετικέτα πρώτοι!

MARC

LEADER 00000 a2200000 04500
001 11778
003
008 991231s d
040
090 |a 140807  
100 |a Morales Gamboa, Abelardo  
245 |a Unión Europea Centroamérica: cambio de escenarios /  |c Abelardo Morales Gamboa 
260 |a San José:   |b FLACSO. Programa Costa Rica  
300 |a 159 p  
650 |a COOPERACION INTERNACIONAL  
650 |a AYUDA AL DESARROLLO  
650 |a AYUDA ECONOMICA  
650 |a AYUDA FINANCIERA  
650 |a ALIANZAS  
650 |a POLITICA EXTERIOR  
650 |a ACUERDOS INTERNACIONALES  
650 |a CE  
700 |a coord  
999 |c 13035  |d 13035